| 000 | 00415nam a2200157Ia 4500 | ||
|---|---|---|---|
| 005 | 20241001131440.0 | ||
| 008 | 240806s9999||||xx |||||||||||||| ||eng|| | ||
| 041 | _ahin | ||
| 082 |
_a891.4309 _bTIWH |
||
| 100 | _aTiwari, Ram Chandra | ||
| 245 | 0 |
_aHindi alochana: shikharo ka sakshatkar / _cRam Chandra Tiwari |
|
| 260 |
_aAllahabad: _bLok Bharti Prakashan, |
||
| 300 | _a158p. | ||
| 650 | _aHindi | ||
| 942 | _cBK | ||
| 999 |
_c14270 _d14270 |
||